1546 1282 1552 1713 1675 1007 1241 1303 1897 1947 1084 1377 1046 1570 1252 1854 1329 1502 1288 1676 1130 1172 1193 1958 1786 1181 1721 1774 1679 1151 1118 1730 1141 1328 1447 1392 1688 1950 1040 1972 1810 1696 1711 1297 1813 1321 1454 1378 1283 1024 1710 1308 1981 1278 1163 1846 1402 1504 1010 1503 1250 1754 1875 1299 1838 1888 1739 1946 1452 1739 1473 1589 1126 1990 1895 1962 1317 1849 1847 1349 1470 1232 1432 1929 1402 1500 1253 1751 1182 1517 1234 1221 1193 1743 1217 1725 1328 1897 1135 BCNSPRNW ULIB Ver.6.0+V

เปลี่ยนเป็นภาษาไทย

Change to English
 แสดงรายละเอียดบรรณานุกรม
  กลับหน้าหลัก

Brief Record : Get Marc (ISO 2709) : E-mail record : QR code < ปิดหน้าต่าง
LEADER : 00000nam 2200000uu 4500
001    13399113514
003     ULIB
008    110627s2551||||th 000 0 tha d
020    9789740417378
090    นว.^bY111ฝ
100 0  Yayoi
245 00 ฝากฟ้าเคียงดิน/^cYayoi
250    พิมพ์ครั้งที่ 2
260    กรุงเทพฯ :^bแจ่มใส,^c2551
300    339 หน้า
710 1  แจ่มใส
945    ^p209^l0^i024668
995    ทศพร
999 ^a ใช้งานได้ทุกระบบ
รายการนี้ยังไม่มีแท็ก
คุณยังไม่ได้ล็อกอิน คุณสามารถมีกิจกรรมร่วมกับเว็บไซต์ได้ แต่ต้องล็อกอินก่อน ::
  ล็อกอิน

รายการสื่อสารสนเทศ

ลำดับที่ ประเภท เลขเรียก/บาร์โค้ด สถานที่ สถานะ
1. นวนิยาย
นวนิยาย
นว. Y111ฝ ฉ.1 
  Barcode: 024668
ห้องสมุดวิทยาเขตสวรรค์ประชารักษ์
►นวนิยาย
บนชั้น
  ขอยืม

รายการใกล้เคียง
    ผู้แต่ง [Yayoi]

BibComment


ยังไม่เคยถูกคอมเมนท์

คอมเมนท์ทรัพยากรรายการนี้
  คอมเมนท์: ฝากฟ้าเคียงดิน Ya..


 Copyright 2026. Bcnsprnw @Library